Statistics for Coats of Arms and Seal/Emblems of African States

Click here to take the quiz!

General Stats

  • This quiz has been taken 28 times
  • The average score is 44 of 54

Answer Stats

Answer% Correct
Burkina Faso
100%
Madagascar
100%
Mauritania
100%
Mozambique
100%
Comoros
96%
Somalia
96%
Eritrea
93%
Morocco
93%
Tanzania
93%
Tunisia
93%
Angola
89%
Cameroon
89%
Cape Verde
89%
Ethiopia
89%
Ivory Coast
89%
Kenya
89%
Liberia
89%
Libya
89%
Mali
89%
Niger
89%
Rwanda
89%
South Sudan
89%
Swaziland
89%
Zimbabwe
89%
Algeria
85%
Botswana
85%
Egypt
85%
Namibia
85%
Togo
85%
Uganda
85%
Zambia
85%
Central African Republic
81%
Equatorial Guinea
81%
Guinea
81%
Mauritius
81%
Sao tome and Principe
81%
Seychelles
81%
Sudan
81%
Republic of the Congo
78%
Guinea Bissau
74%
Lesotho
74%
Nigeria
70%
Chad
67%
Democratic Republic of the Congo
67%
Djibouti
67%
Gabon
67%
Ghana
67%
Malawi
67%
Burundi
63%
Senegal
63%
South Africa
59%
Sierra Leone
56%
Benin
52%
Gambia
52%

Score Distribution

Percentile by Number Answered

Percent of People with Each Score

Your Score History

You have not taken this quiz